LEADER 00997nam0-2200325---450- 001 990008221410403321 005 20051109124722.0 010 $a0-334-02465-X 035 $a000822141 035 $aFED01000822141 035 $a(Aleph)000822141FED01 035 $a000822141 100 $a20051109d--------km-y0itay50------ba 101 0 $aeng 105 $a--------001yy 200 1 $aJews and Christians$ethe myth of a common tradition$fJacob Neusner 210 $aLondon$cSCM Press$dc1991$aPhiladelphia$cTrinity Press International$dc1991 215 $a158 p.$d21 cm 610 0 $aReligioni comparate$aStoria 610 0 $aEbraismo$aRelazione con la chiesa cattolica 676 $a291.172$v21$zita 676 $a296.396$v21$zita 700 1$aNeusner,$bJacob$f<1932- >$0147791 801 0$aIT$bUNINA$gRICA$2UNIMARC 901 $aBK 912 $a990008221410403321 952 $a291.172 NEU 1$bBibl. 13395$fFLFBC 959 $aFLFBC 996 $aJews and Christians$9738961 997 $aUNINA LEADER 01173nam--2200361---450- 001 990003464460203316 005 20101104130506.0 010 $a978-88-6081-683-2 035 $a000346446 035 $aUSA01000346446 035 $a(ALEPH)000346446USA01 035 $a000346446 100 $a20101104d2010----km-y0itay50------ba 101 $aita 102 $aIT 105 $a||||||||001yy 200 1 $a<> mediazione educativa familiare$euna risorsa formativa per le famiglie separate, divorziate e ricostituite$fChiara Sirignano 210 $aRoma$cArmando$d2010 215 $a143 p.$d20 cm 225 2 $a<> problemi dell'educazione$iAggiornamenti 410 0$12001$a<> problemi dell'educazione$iAggiornamenti 606 0 $aFamiglia$xAssistenza$yItalia$2BNCF 676 $a362.828 700 1$aSIRIGNANO,$bChiara$0523999 801 0$aIT$bsalbc$gISBD 912 $a990003464460203316 951 $aII.4. 3926$b226898 L.M.$cII.4.$d00283952 959 $aBK 969 $aUMA 979 $aMARTUCCIEL$b90$c20101104$lUSA01$h1302 979 $aMARTUCCIEL$b90$c20101104$lUSA01$h1305 996 $aMediazione educativa familiare$91111934 997 $aUNISA